000
00261nam a2200109 a 4500
005
20201002034017.0
008
130820s2004 000 spa d
100
_a
Valera, Juan
_9
47010
245
0
_a
Pepita Jiménez.
260
_a
s. l.,
_c
s. f.
999
_c
39739
_d
39739
040
_a
DO-SdBNP